Sports Quiz

Random Sports or Olympics Quiz

Mixed Word: Summer Olympics Events II Quiz Stats

 Plays Quiz not verified by Sporcle

Challenge
Share
Tweet
Embed
Score 0/20 Timer 04:00
0 Plays Today
Scrambled Event Answer % Correct
BATFOOLLFO[O]TBALL
96.8%
GONL PUJMLO[N]G JUMP
93%
LYCCGIN XMBCYC[L]ING - BMX
90.8%
GIMMINWSSWIMMI[N]G
90.1%
IGROWN R[O]WING
87%
MABEB[E]AM
86.3%
ATE KNOW ODTAE [K]WON DO
85.9%
GLYCCIN DOARCYCLING - ROA[D]
84.9%
STEINNTE[N]NIS
84.5%
VEINALJ WORTHJAVEL[I]N THROW
81.7%
Scrambled Event Answer % Correct
BLEAT SINTENTABLE [T]ENNIS
81.3%
NOTMIBANDBA[D]MINTON
79.9%
TRIESEQUANEQ[U]ESTRIAN
79.2%
SLEDRHUHUR[D]LES
73.2%
GILSINASAIL[I]NG
71.5%
Read the [ ] letters down to find the site
of the 2012 Summer Olympics
London, United Kingdom
66.2%
CASTMINGYSGYM[N]ASTICS
64.1%
LGSTREWINWRESTLIN[G]
62.3%
ONCEA MOLLASCANOE SLALO[M]
48.6%
DROMEN LAPTHENNOTMODERN PENTATHL[O]N
47.9%

You're not logged in!

Compare scores with friends on all Sporcle quizzes.
OR
Log In

You Might Also Like...

Show Comments

Extras

Top Quizzes Today


Score Distribution

Your Account Isn't Verified!

In order to create a playlist on Sporcle, you need to verify the email address you used during registration. Go to your Sporcle Settings to finish the process.

Report this User

Report this user for behavior that violates our Community Guidelines.

Details: